00970njm a2200253Ia 450000100060000000300090000600500170001500800410003204000130007304000130008610000160009910000180011510000380013324500620017125000110023326000110024426000300025530000100028530000290029550000470032450502190037151100710059065000550066124186IT-RoPAU20220918181208.0131025s9999 xx 000 0 und d aIT-RoPAU cIT-RoPAU aLiszt Franz eAutore musica gCodice autore musica SPICS: 10789 a"Rapsodie ungheresi n. 1, 2, 6 "Carnevale di Pesth", e 12 a1a ed. aITALIA bEMI - LA VOCE DEL PADRONE aDISCO c44 minuti (Testo: pag.) aMusica classica, sinfonica. Arrangiamento. aRapsodia ungherese n. 02 (arr. Muller-Berghaus) - Rapsodia ungherese n. 12 (arr. Liszt e Doppler) - Rapsodia ungherese n. 01 (arr. Liszt e Doppler) - Rapsodia ungherese n. 06 "Carnaval de Pest" (arr. Liszt-Doppler) aOrchestra sinfonica della Radio Bavarese diretta da Ludwig Leopold aARRANGIAMENTO [DISCHI]eCodice MATERIA SPICS: 9950